Normal view
MARC view
- RADAR PRINCIPLES.RADAR APPLICAITONS. RADAR APPLICAITONS
Entry Topical Term
001 - CONTROL NUMBER
- control field: 73695
003 - CONTROL NUMBER IDENTIFIER
- control field: NUST
005 - DATE AND TIME OF LATEST TRANSACTION
- control field: 20210628205047.0
008 - FIXED-LENGTH DATA ELEMENTS
- fixed length control field: 210628|| aca||aabn | a|a d
040 ## - CATALOGING SOURCE
- Original cataloging agency: NUST
- Transcribing agency: NUST
150 ## - HEADING--TOPICAL TERM
- Topical term or geographic name entry element: RADAR PRINCIPLES.RADAR APPLICAITONS. RADAR APPLICAITONS
670 ## - SOURCE DATA FOUND
- Source citation: Work cat.: (NUST): Edde, Byron 64275, Radar principles, technology, applicaitons, 2007
